| 000 | 00443nam a2200169Ia 4500 | ||
|---|---|---|---|
| 008 | 220216s9999 xx 000 0 und d | ||
| 100 | _aOnyibe H I | ||
| 245 | 0 | _aWeed biomass production in a mature rubber plantation in Nigeria | |
| 260 |
_bTrop ecol _c1991 |
||
| 300 | _a207-211 | ||
| 500 | _aSource Year: 1991 | ||
| 650 | _aRubber plantation | ||
| 650 | _aWeed biomass production | ||
| 700 | _aGill L S | ||
| 856 | _uBA | ||
| 942 | _cJS | ||
| 999 |
_c72333 _d72333 |
||